Výklad k nariadeniu vlády SR o platových pomeroch v rozpočtových a niektorých ďalších organizáciách a orgánoch.
Platová trieda a platový stupeň. Priznávanie odbornej praxe. Píplatky za riadiacu činnosť. Osobitné príplatky. Priznávanie odmien.
Gespeichert in:
| 1. Verfasser: | |
|---|---|
| Format: | Buchkapitel |
| Sprache: | Slowakisch |
| Schlagworte: | |
| Tags: |
Keine Tags, Fügen Sie das erste Tag hinzu!
|
MARC
| LEADER | 00000naa a2200000 4500 | ||
|---|---|---|---|
| 001 | r009489 | ||
| 005 | 20220831090837.4 | ||
| 041 | 0 | |a slo | |
| 044 | |a [CS] | ||
| 245 | 1 | 0 | |a Výklad k nariadeniu vlády SR o platových pomeroch v rozpočtových a niektorých ďalších organizáciách a orgánoch. |c V. Garay |
| 520 | |a Platová trieda a platový stupeň. Priznávanie odbornej praxe. Píplatky za riadiacu činnosť. Osobitné príplatky. Priznávanie odmien. | ||
| 610 | 2 | 0 | |a stupnica mzdová tarifná |
| 610 | 2 | 0 | |a platy |
| 610 | 2 | 0 | |a tarify mzdové |
| 610 | 2 | 0 | |a príplatky |
| 610 | 2 | 0 | |a mzdy |
| 610 | 2 | 0 | |a odmeny výkonnostné |
| 610 | 2 | 0 | |a organizácie rozpočtové |
| 610 | 2 | 0 | |a predpisy právne |
| 610 | 2 | 0 | |a Slovensko |
| 100 | 1 | |a Garay, V. | |